000
00273nam a22001217a 4500
082
_a
823
_b
AND/M
100
_a
ANDRADE, MARINA
245
_a
THE MAGIC BAG AND OTHER STORIES
260
_a
BOMBAY
_b
PAULINE
_c
1995
300
_a
63
650
_a
EMGLISH STORY
_z
INDIA
942
_c
BK
999
_c
7352
_d
7352